000 01040nam a2200217 a 4500
008 101119s2009 ||||||||||||||||| || u
020 _a0137133359
050 _aHB 172 Pin
100 _aPindyck, Robert S
245 1 0 _aMicroeconomics. (7th ed.)
_cBy Robert S. Pindyck [and] Daneil L. Rubinfeld
250 _a7th ed.
260 _aUpper Sadle River, NJ:
_bPearson Educational International
_c2009
300 _axxxii, 736p.: ill
350 _a36.00
650 0 _aECONOMICS
650 _aMICROECONOMICS
700 _aRubinfeld, Daniel L
995 _aANNEX COLLECTION (Main Library)
_D0.00
_e742090
_FCBU-MAIN LIBRARY (Kitwe)
_H1
_I0.00
_jHB 172 Pin
_M1
_UAVAILABLE
_WNov 19, 2010
_y742090
_ZAnnex Low-Usage Collection
995 _aMAIN LIBRARY OPEN ACCESS
_e745972
_FCBU-MAIN LIBRARY (Kitwe)
_I36.00
_jHB 172 Pin
_M2
_UAVAILABLE
_WJun 8, 2016
_y745972
_ZMain Library Open Access Collection
995 _aMAIN LIBRARY OPEN ACCESS
_e745973
_FCBU-MAIN LIBRARY (Kitwe)
_I36.00
_jHB 172 Pin
_M3
_UOUT
_WJun 10, 2016
_y745973
_ZMain Library Open Access Collection
999 _c82915
_d82915